000 00353nam a2200145Ia 4500
100 _aJones/Edward
942 _cBK
654 _aFox pro 2.5. windows inside + out
245 _aFox Pro 2.5- for Windows inside + out
260 _bOsborne Mc graw Hill
_aCalifornia
_c1992
082 _a005.13 'FP'
300 _a742
546 _aENGLISH
999 _c28380
_d28380